ARRUPE JESUIT UNIVERSITY

CORONAVIRUS -STOP THE SPREAD - CLEAN,DISINFECT,COVER

Term papers (Record no. 130470)

MARC details
000 -LEADER
fixed length control field 00378nam a22001337a 4500
008 - FIXED-LENGTH DATA ELEMENTS--GENERAL INFORMATION
fixed length control field 200519b ||||| |||| 00| 0 eng d
050 ## - LIBRARY OF CONGRESS CALL NUMBER
Classification number SPC. HS3.T319
100 ## - MAIN ENTRY--PERSONAL NAME
Personal name Stacer, John R.
9 (RLIN) 49787
245 ## - TITLE STATEMENT
Title Term papers
Statement of responsibility, etc John R. Stacer
260 ## - PUBLICATION, DISTRIBUTION, ETC. (IMPRINT)
Place of publication, distribution, etc Saint Louis
Name of publisher, distributor, etc Saint Louis University
Date of publication, distribution, etc 1958-67
300 ## - PHYSICAL DESCRIPTION
Extent vi, 24p. ;
Dimensions 31cm.
500 ## - GENERAL NOTE
General note Term papers
942 ## - ADDED ENTRY ELEMENTS (KOHA)
Source of classification or shelving scheme Library of Congress Classification
Item type Monograph ( Printed materials)
Holdings
Withdrawn status Lost status Source of classification or shelving scheme Damaged status Not for loan Collection code Home library Current library Shelving location Date acquired Total Checkouts Full call number Barcode Date last seen Price effective from Koha item type
    Library of Congress Classification     SPECIAL Collection ARRUPE LIBRARY ARRUPE LIBRARY REFERENCE 19/05/2020   SPC. HS3.T319 46600007288 19/05/2020 19/05/2020 SPC
    Library of Congress Classification     SPECIAL Collection ARRUPE LIBRARY ARRUPE LIBRARY REFERENCE 19/05/2020   SPC. HS3.T319 46600007290 19/05/2020 19/05/2020 SPC

 

Arrupe Library. PO Box MP320 Mt Pleasant, Harare, Zimbabwe
263 242 745411|librarian@aju.ac.zw